Προλεγόμενα στη φιλοσοφία
Αποθηκεύτηκε σε:
| Κύριος συγγραφέας: | |
|---|---|
| Μορφή: | Βιβλίο |
| Γλώσσα: | Greek |
| Δημοσίευση: |
[Αθήνα] :
Θεμέλιο,
[c1998]
|
| Έκδοση: | 4η έκδ. |
| Θέματα: | |
| Ετικέτες: |
Προσθήκη ετικέτας
Δεν υπάρχουν, Καταχωρήστε ετικέτα πρώτοι!
|
MARC
| LEADER | 00000cam a2200000 i 4500 | ||
|---|---|---|---|
| 001 | 1/31031 | ||
| 008 | 060614s1998 gr | ||| |||| ||gre|| | ||
| 020 | |a 9603100994 | ||
| 035 | |l 10084301 | ||
| 040 | |a GR-MY-UA |b gre |e aacr | ||
| 041 | 0 | |a gre | |
| 082 | 0 | |a 100 |2 (22) | |
| 100 | 1 | |a Βέικος, Θεόφιλος Α., |d 1936-1995. | |
| 245 | 1 | 0 | |a Προλεγόμενα στη φιλοσοφία / |c Θεόφιλος Βέϊκος |
| 250 | |a 4η έκδ. | ||
| 260 | |a [Αθήνα] : |b Θεμέλιο, |c [c1998] | ||
| 300 | |a 130 σ.; |c 21 εκ. | ||
| 650 | 0 | 0 | |a Philosophy. |
| 852 | |a INST |b RHODES |c KRI |e 20060614 |h 100 ΒΕΙ |p 005400024823 |q 005400024823 |t BK |y 0 | ||
| 901 | |a BIBL4-2006-2 | ||
| 909 | |a Ρ |b 123776 | ||
| 970 | |a ΚΟΖΑ |b ΜΑΡΙΑ |z 2006/06/14 | ||